000 00434nam a2200181Ia 4500
001 24871
005 20260414151112.0
008 260414t2012||||xx |||||||||||||| ||spa||
041 _aESP
082 _a346.52
_bR44
100 _aFernández Sessarego, Carlos
_eAUT
245 0 _aLa responsabilidad civil
_b
260 _c2012
300 _a330 páginas :
_c24 cm.
650 _aDER
654 _aCDE
942 _cLIB
_dJUS
_fJUS
_2ddc
_n
999 _c24871
_d24871